Diagnóstico organizacional

Uloženo v:
Podrobná bibliografie
Hlavní autor: Rodríguez Mansilla, Darío (Autor)
Médium: Kniha
Jazyk:španělština
Vydáno: Santiago Universidad Católica de Chile 2005
Vydání:6a. ed
Edice:Colección Textos Universitarios. Serie Facultad de Ciencias Sociales
Témata:
Tagy: Přidat tag
Žádné tagy, Buďte první, kdo vytvoří štítek k tomuto záznamu!

MARC

LEADER 00000nam a2200000 a 4500
001 UCK7982
003 CL-VaPUC
008 060105e20050000CL |||||||||||||||||spa|d
020 |a 9561402807 
082 0 4 |a 658.406  |b ROD  |2 21 
100 0 |a Rodríguez Mansilla, Darío  |e author  |9 497728 
245 1 0 |a Diagnóstico organizacional 
250 |a 6a. ed 
300 |a 218 p 
942 |c BK 
945 |d 20060105 00:00:00  |a jtorresc 
260 |a Santiago  |b Universidad Católica de Chile  |c 2005 
650 0 |a Desarrollo organizacional  |9 356124 
650 0 |a Organización  |9 256369 
650 0 |a Cambio organizacional   |9 260741 
583 |a last modification  |c 20060105 00:00:00  |k Rodrigo Vera 
490 0 |a Colección Textos Universitarios. Serie Facultad de Ciencias Sociales 
999 |c 315820  |d 315818 
952 |0 0  |1 0  |2 ddc  |4 0  |6 658_406000000000000_ROD_2005  |7 0  |8 A  |9 389596  |a BIBING  |b BIBING  |c RES  |d 2019-11-22  |i 4198409  |o 658.406 ROD 2005  |p 4198409  |r 2025-01-20  |w 2019-11-22  |y BK  |k TRA 
952 |0 0  |1 0  |4 0  |6 658_406000000000000_ROD_2005  |7 0  |8 A  |9 389597  |a BIBCUR  |b BIBCUR  |d 2019-11-22  |i 4562208  |l 2  |m 1  |o 658.406 ROD 2005  |p 4562208  |r 2025-04-22  |s 2023-06-23  |w 2019-11-22  |y BK  |k PER